| 000 | 00715nam a2200289Ia 4500 | ||
|---|---|---|---|
| 005 | 20260324122133.0 | ||
| 008 | 008 260324s9999 xx 000 0 eng d | ||
| 020 | _a9780203587546 | ||
| 037 | _aEBOOK | ||
| 040 | _aCRL | ||
| 040 | _beng | ||
| 040 | _cCRL | ||
| 041 | _2eng | ||
| 041 | _aeng | ||
| 084 | _qCRL | ||
| 100 |
_aNicolas Barbaroux _91165262 |
||
| 245 | 0 | _aMonetary Policy Rule in Theory and Practice | |
| 245 | 0 | _bFacing the Internal vs External Stability Dilemma | |
| 260 | _bTaylor and Francis | ||
| 260 | _c2013 | ||
| 365 | _a | ||
| 365 | _b240 | ||
| 856 | _uhttp://www.taylorfrancis.com/books/9780203587546 | ||
| 942 | _cEBOOK | ||
| 999 |
_c1757779 _d1757779 |
||